| 000 | 01601cam a22004337a 4500 | ||
|---|---|---|---|
| 003 | CHAP | ||
| 005 | 20220329142836.0 | ||
| 008 | 040623d2003 mx a r 00110 spa d | ||
| 010 | _a88578 | ||
| 011 | _a89550 | ||
| 035 | _a100101 | ||
| 040 | _cCHAP | ||
| 090 | _aTesis | ||
| 100 | 0 | 0 |
_aSánchez Viveros, Gabriela. _9107923 |
| 245 | 1 | 0 |
_aGerminación y modificación de la pared de esporas de hongos micorrízicos arbusculares por exposición a arsénico y cobre _c/por Gabriela Sánchez Viveros |
| 260 |
_aMontecillo, Méx. : _bEl autor, _c2003. |
||
| 300 |
_a98 h. : _bilus. ; gráfs. |
||
| 502 | _aTesis (M.C.) -- C.P. Instituto de Recursos Naturales. Programa de Edafología | ||
| 590 |
_aALEPH _b10 _c20130110 _lUCH01 _h1459 |
||
| 590 |
_aBATCH-UPD _b10 _c20130110 _lUCH01 _h0414 |
||
| 590 |
_aBATCH-UPD _b10 _c20130110 _lUCH01 _h2258 |
||
| 590 |
_aBATCH-UPD _b10 _c20130410 _lUCH01 _h0049 |
||
| 590 |
_aBATCH-UPD _b10 _c20130410 _lUCH01 _h1551 |
||
| 590 |
_aBATCH-UPD _b10 _c20130914 _lUCH01 _h0501 |
||
| 590 |
_aBATCH-UPD _b10 _c20130914 _lUCH01 _h2115 |
||
| 590 |
_aCONVERSION _b10 _c20130109 _lUCH01 _h1349 |
||
| 650 | 1 | 4 |
_aArbustos _xEnfermedades. _96725 |
| 650 | 1 | 4 |
_aArsénico. _97686 |
| 650 | 1 | 4 |
_aCobre en suelos. _924194 |
| 650 | 1 | 4 |
_aCobre _xEfecto en plantas. _924186 |
| 650 | 1 | 4 |
_aCobre _xToxicidad. _924187 |
| 650 | 1 | 4 |
_aElementos pesados _xEfecto en el medio ambiente. _936260 |
| 650 | 1 | 4 |
_aEsporas _xGerminación. _938132 |
| 650 | 1 | 4 |
_aMicorriza. _975486 |
| 901 | _aBK | ||
| 905 | _aAlejandra Carrasco M. | ||
| 942 | _cTESIS | ||
| 949 |
_aTesis _bBC _cTES _d1001011 _eTS1 _h42206 _i100101 _sb |
||
| 999 |
_c88578 _d88578 |
||